Československý lid v boji za mír I. československý sjezd obranců míru v Praze

Gespeichert in:
Bibliographische Detailangaben
Format: Buch
Sprache:Tschechisch
Veröffentlicht: Praha Vyšehrad 1951
Tags: Tag hinzufügen
Keine Tags, Fügen Sie das erste Tag hinzu!

MARC

LEADER 00000nam a2200000 4500
001 0313416
005 20251201112632.9
041 0 |a cze 
044 |a CZ 
245 1 0 |a Československý lid v boji za mír  |b I. československý sjezd obranců míru v Praze 
264 1 |a Praha  |b Vyšehrad  |c 1951